| 000 | 00471nam a22001697a 4500 | ||
|---|---|---|---|
| 999 |
_c4285 _d4285 |
||
| 003 | GBCCL | ||
| 005 | 20241126110515.0 | ||
| 008 | 180118b xxu||||| |||| 00| 0 eng d | ||
| 040 | _cgbc | ||
| 082 |
_a225.92 _bBOR |
||
| 100 |
_aBornkamm, Gunther _98104 |
||
| 245 |
_aPaul: _bPaulus / _cGunther Bornkamm |
||
| 260 |
_aNew York: _bHarper & Row, Publishers, _c1971 |
||
| 300 |
_a260 p.; _c22 cm. |
||
| 650 |
_aBible _vNew Testament _vPaul _xBiography _98105 |
||
| 942 |
_2ddc _cBK _020 |
||